Statystyki dla Wszystkie piosenki White 2115

Kliknij tutaj aby rozwiązać quiz!

Ogólne statystyki

  • Ten quiz został rozwiązany 2 230 razy
  • Średni wynik to 30 z 50

Statystyki odpowiedzi

HintOdpowiedź% Poprawnych
California
96%
Rockstar
88%
Do zachodu słońca
80%
Morgan
80%
Nowi kumple
77%
Mogę dziś umierać
76%
La Vida Loca
74%
Noc
74%
Papieros
74%
Pałac
73%
Rockstar: Do Zachodu SłońcaWschód (Intro)
70%
Jaki ojciec taki syn
68%
Młody książę
68%
Jesteśmy tu
67%
Oh oh (lalala)
67%
Porsche
67%
Trzy butelki
67%
Zachód (outro)
66%
Kurt Cobain
62%
Rok
62%
Sen
62%
D.evil
61%
AMG
59%
Byliśmy tu
59%
Cry Baby
59%
Johnny Knoxville
59%
BONUS TRACKHel
58%
RockstarBalmain
57%
Kap Kap
57%
Sos mula
57%
BONUS TRACK2020
56%
Anioł stróż
56%
Krzyki na blokach
56%
David
55%
Jim Morrison
55%
+(48)
54%
Legenda
54%
Skrywam
50%
Młody KsiążęFlesz
48%
GTR
48%
M550i
48%
John Travolta
47%
Triple S
47%
Wampir
47%
Intruz
46%
Nie chcę
46%
DMC
45%
Parę K
45%
Na zawsze
43%
BONUS TRACKNie ma łez
24%

Rozkład punktacji

Percentyl według liczby udzielonych odpowiedzi

Procent ludzi z każdym wynikiem

Twoja historia wyników

Nie rozwiązałeś tego quizu